Paesi con matrimoni omosessuali - Statistics

Statistiche generali
  • Questo quiz è stato fatto 3.565 volte
    2.540 dall'ultimo reset
  • Il punteggio medio è 27 su 39
Statistiche sulle risposte
Anno Paese % Corretto
2015 Stati Uniti
97%
2013 Francia
94%
2005 Spagna
94%
2017 Germania
91%
2009 Svezia
91%
2005 Canada
90%
2009 Norvegia
89%
2017 Finlandia
88%
2010 Portogallo
88%
2013 Brasile
86%
2020 Regno Unito
85%
2010 Argentina
84%
2001 Paesi Bassi
84%
2022 Svizzera
84%
2003 Belgio
83%
2022 Messico
81%
2017 Australia
80%
2012 Danimarca
80%
2019 Austria
79%
2024 Grecia
75%
2015 Irlanda
73%
2015 Lussemburgo
72%
2010 Islanda
71%
2013 Nuova Zelanda
71%
2022 Cile
68%
2016 Colombia
66%
2024 Estonia
61%
2022 Slovenia
60%
2023 Andorra
58%
2013 Uruguay
54%
2025 Liechtenstein
53%
2017 Malta
53%
2022 Cuba
51%
2006 Sudafrica
50%
2019 Ecuador
48%
2025 Thailandia
43%
2020 Costa Rica
28%
2019 Taiwan
22%
2023 Nepal
13%
Nessun quiz corrispondente trovato
Distribuzione punteggi
Percentuale di utenti per punteggio
Percentile per numero di risposta
I tuoi punteggi nel tempo
Non hai fatto questo quiz dall'ultimo reset